000 00675nam a2200253 a 4500
001 nice12345678
003 IN_TiNIC
005 20260116013059.0
008 050524s1998 cama grp 000 0 eng
020 _a0521856
_c1100
082 0 0 _a909.0974927
_bHOV
100 _aHovannisian, Richared
245 _aPersian Presence in the Islamic World
260 _aCambridge
_bCambridge University Press
_c1998
300 _a267p
500 _aincludes index and biblioraphy
505 2 _aIndices
650 _aCivilization-Arab
650 _aIran-Civilization
650 _aIslamic-Countries Civilization
902 _bSRS
942 _cBK
999 _c9571
_d9571